[Event "Massachusets op 68th"]
[Site "Marlborough"]
[Date "1999.05.29"]
[Round "2"]
[White "Hertan, Charles E"]
[Black "Sharp, Dale Eugene"]
[Result "1-0"]
[WhiteElo "2395"]
[BlackElo "2134"]
[PlyCount "107"]
[EventDate "1999.05.??"]
[EventType "swiss"]
[EventRounds "6"]
[EventCountry "USA"]
[SourceTitle "EXT 2002"]
[Source "ChessBase"]
[SourceDate "2001.11.25"]
[SourceVersion "1"]
[SourceVersionDate "2001.11.25"]
[SourceQuality "1"]

1. c4 c5 2. Nc3 Nc6 3. Nf3 Nf6 4. g3 g6 5. Bg2 Bg7 6. 0-0 0-0 7. d4 d5 8. cxd5 Nxd5 9. Nxd5 Qxd5 10. Be3 cxd4 11. Nxd4 Qa5 12. Bd2 Qb6 13. Nxc6 bxc6 14. Rb1 Ba6 15. Re1 Bd4 16. e3 Bg7 17. Qc2 Rfd8 18. Bf1 Rd6 19. Bxa6 Qxa6 20. Bb4 Rd7 21. b3 Rad8 22. a3 Bf6 23. Rbc1 Rd3 24. Qxc6 Qxc6 25. Rxc6 Rxb3 26. Ra6 Rd7 27. Rc1 Kg7 28. Rc8 Rd1+ 29. Kg2 Ra1 30. Rb8 Ra2 31. Rxf6 Rxb4 32. Rxf7+ Kxf7 33. axb4 Rb2 34. Ra8 Rxb4 35. Rxa7 h5 36. h4 Rb2 37. Kf3 Kf6 38. Ra6+ e6 39. e4 Ke5 40. Ra5+ Kd4 41. Rg5 Rb3+ 42. Kg2 e5 43. Rxg6 Kxe4 44. Rg5 Kd4 45. Rxh5 e4 46. Rh8 Rb5 47. Re8 Kd3 48. Rd8+ Kc4 49. Re8 Kd3 50. g4 Kd4 51. g5 Rb6 52. Rf8 Kd3 53. Kg3 Ke2 54. Rf4 1-0

[Event "Greater Boston op 63rd"]
[Site "Boston"]
[Date "1996.??.??"]
[Round "4"]
[White "Hertan, Charles E"]
[Black "Ivanov, Alexander"]
[Result "0-1"]
[WhiteElo "2395"]
[BlackElo "2525"]
[PlyCount "108"]
[EventDate "1996.??.??"]
[EventType "swiss"]
[EventRounds "4"]
[EventCountry "USA"]
[SourceTitle "EXT 2001"]
[Source "ChessBase"]
[SourceDate "2000.11.22"]
[SourceVersion "1"]
[SourceVersionDate "2000.11.22"]
[SourceQuality "1"]

1. c4 g6 2. Nc3 Bg7 3. g3 e5 4. Bg2 Ne7 5. e3 d6 6. Nge2 0-0 7. 0-0 f5 8. d3 c6 9. f4 Be6 10. e4 Nd7 11. Be3 Nf6 12. Kh1 fxe4 13. Nxe4 Nxe4 14. Bxe4 d5 15. cxd5 Nxd5 16. Bc5 Rf7 17. fxe5 Bxe5 18. Rxf7 Bxf7 19. Qd2 Nf6 20. Bg2 Bd5 21. Nf4 Bxf4 22. Qxf4 Bxg2+ 23. Kxg2 Qd5+ 24. Qf3 Qxc5 25. Qxf6 Re8 26. Qf2 Qd5+ 27. Kg1 b6 28. Qc2 c5 29. a3 Qd4+ 30. Kg2 Rd8 31. Qb3+ Rd5 32. Qb5 Rd7 33. Qb3+ Kg7 34. Rf1 Qxd3 35. Rf7+ Kh6 36. Qxd3 Rxd3 37. Rxa7 Rd2+ 38. Kh3 Rxb2 39. a4 c4 40. Rc7 Rb4 41. Ra7 Kg5 42. a5 b5 43. Rc7 Kf5 44. a6 Ke4 45. Rxh7 Ra4 46. a7 b4 47. Rb7 b3 48. Rb4 Rxa7 49. Rxc4+ Kd3 50. Rb4 Kc3 51. Rb6 b2 52. Rc6+ Kb3 53. Rb6+ Ka2 54. Kg4 Ra5 0-1

[Event "Greater Boston op 63rd"]
[Site "Boston"]
[Date "1996.??.??"]
[Round "2"]
[White "Hertan, Charles E"]
[Black "Paschall, William M"]
[Result "1/2-1/2"]
[WhiteElo "2395"]
[BlackElo "2285"]
[PlyCount "57"]
[EventDate "1996.??.??"]
[EventType "swiss"]
[EventRounds "4"]
[EventCountry "USA"]
[SourceTitle "EXT 2001"]
[Source "ChessBase"]
[SourceDate "2000.11.22"]
[SourceVersion "1"]
[SourceVersionDate "2000.11.22"]
[SourceQuality "1"]

1. c4 e5 2. Nc3 Nc6 3. Nf3 Nf6 4. e3 Bb4 5. Qc2 Bxc3 6. Qxc3 Qe7 7. a3 d5 8. cxd5 Nxd5 9. Qb3 Nb6 10. d3 Bg4 11. Be2 0-0 12. Qc2 Rad8 13. b4 a6 14. Bb2 Rfe8 15. 0-0 Rd6 16. Bc3 Nd5 17. Rac1 Nxc3 18. Qxc3 Red8 19. Rfd1 Qd7 20. h3 Bxf3 21. Bxf3 Rxd3 22. Rxd3 Qxd3 23. Bxc6 bxc6 24. Qxc6 Qxa3 25. Qxc7 Re8 26. Qc6 Rd8 27. Qc7 Re8 28. Qc8 Rf8 29. Qc3 1/2-1/2

[Event "Vienna op"]
[Site "Vienna"]
[Date "1996.??.??"]
[Round "4"]
[White "Hertan, Charles E"]
[Black "Stanec, Nikolaus"]
[Result "1/2-1/2"]
[WhiteElo "2410"]
[BlackElo "2505"]
[PlyCount "65"]
[EventDate "1996.??.??"]
[EventType "swiss"]
[EventRounds "9"]
[EventCountry "AUT"]
[SourceTitle "CBM 053 Extra"]
[Source "ChessBase"]
[SourceDate "1996.09.01"]
[SourceVersion "1"]
[SourceVersionDate "1996.09.01"]
[SourceQuality "1"]

1. c4 e5 2. Nc3 Nc6 3. g3 g6 4. Bg2 Bg7 5. e3 d6 6. Nge2 f5 7. d3 Nf6 8. 0-0 0-0 9. Rb1 a5 10. a3 Kh8 11. f4 exf4 12. Nxf4 Ne5 13. Ncd5 c6 14. Nxf6 Bxf6 15. h3 Bg7 16. Qe2 Bd7 17. Bd2 Qc7 18. Kh1 Rae8 19. Bc3 Bc8 20. Qd2 b6 21. b4 axb4 22. Rxb4 Rf7 23. Rfb1 Nd7 24. e4 fxe4 25. Bxe4 Kg8 26. Bxg7 Rxg7 27. Qg2 Bb7 28. R4b2 Rge7 29. h4 Ba8 30. Kh2 Qc8 31. Qh3 Qc7 32. Qg2 Qc8 33. Qh3 1/2-1/2

[Event "Vienna op"]
[Site "Vienna"]
[Date "1996.??.??"]
[Round "1"]
[White "Ibragimov, Ildar"]
[Black "Hertan, Charles E"]
[Result "1-0"]
[WhiteElo "2545"]
[BlackElo "2410"]
[PlyCount "67"]
[EventDate "1996.??.??"]
[EventType "swiss"]
[EventRounds "9"]
[EventCountry "AUT"]
[SourceTitle "CBM 053 Extra"]
[Source "ChessBase"]
[SourceDate "1996.09.01"]
[SourceVersion "1"]
[SourceVersionDate "1996.09.01"]
[SourceQuality "1"]

1. d4 Nf6 2. c4 e6 3. Nc3 Bb4 4. e3 c5 5. Bd3 Nc6 6. Nf3 Bxc3+ 7. bxc3 d6 8. 0-0 e5 9. Nd2 0-0 10. Rb1 Re8 11. d5 Ne7 12. Qc2 g6 13. f3 b6 14. Rf2 Rf8 15. Nf1 Ne8 16. e4 f5 17. exf5 gxf5 18. Bg5 Ng7 19. Ne3 Kh8 20. g4 Qe8 21. Kh1 Qf7 22. Rbf1 Ng6 23. Bh6 f4 24. Ng2 Rg8 25. h4 Nf8 26. Rg1 Bd7 27. Ne1 Rb8 28. Rh2 b5 29. h5 bxc4 30. Be4 Qe8 31. Ng2 a5 32. Nh4 Ba4 33. Qf2 Qd7 34. Ng6+ 1-0

[Event "Queen City op 18th"]
[Site "Manchester"]
[Date "1994.02.??"]
[Round "2"]
[White "Hertan, Charles E"]
[Black "Vigorito, David"]
[Result "0-1"]
[WhiteElo "2502"]
[BlackElo "2320"]
[PlyCount "124"]
[EventDate "1994.02.??"]
[EventType "swiss"]
[EventRounds "5"]
[EventCountry "USA"]
[SourceTitle "EXT 2005"]
[Source "ChessBase"]
[SourceDate "2004.11.15"]
[SourceVersion "1"]
[SourceVersionDate "2004.11.15"]
[SourceQuality "1"]

1. c4 g6 2. Nc3 Bg7 3. Nf3 d6 4. g3 Nf6 5. Bg2 0-0 6. 0-0 e5 7. d3 h6 8. Bd2 Nc6 9. Rb1 a5 10. a3 Be6 11. Qc1 Kh7 12. b4 axb4 13. axb4 Qd7 14. b5 Ne7 15. b6 c6 16. c5 Ne8 17. cxd6 Nxd6 18. Rd1 Ra6 19. Ne4 Nxe4 20. dxe4 Rd8 21. Ne1 Nc8 22. Nd3 Rxb6 23. Rxb6 Nxb6 24. Ba5 Nc8 25. Bxd8 Qxd8 26. Nc5 Qe7 27. Nxe6 Qxe6 28. h4 Nd6 29. h5 gxh5 30. Qd2 Bf8 31. Qd3 b5 32. Kh2 c5 33. Bh3 Qf6 34. Bf5+ Kg7 35. Kg2 c4 36. Qf3 b4 37. Rh1 b3 38. Qc3 Nxf5 39. exf5 Qc6+ 40. f3 Qd5 41. f6+ Kxf6 42. Rh4 Kg7 43. Rxh5 Be7 44. Qe3 Bg5 45. Rxg5+ hxg5 46. Qxg5+ Kf8 47. Qh6+ Ke7 48. Qb6 Qd4 49. Qb4+ Kf6 50. e3 Qxe3 51. Qxc4 Qd2+ 52. Kh3 b2 53. Qh4+ Qg5 54. Qh8+ Ke7 55. Qh7 Qg6 56. Qh4+ Kd7 57. Qa4+ Qc6 58. Qa7+ Kc8 59. Qg1 Qc1 60. Qa7 b1Q 61. Qxf7 Qh6+ 62. Kg4 Qhg6+ 0-1

[Event "New Hampshire op 43rd"]
[Site "Nashua"]
[Date "1993.??.??"]
[Round "5"]
[White "Paschall, William M"]
[Black "Hertan, Charles E"]
[Result "0-1"]
[WhiteElo "2325"]
[BlackElo "2485"]
[PlyCount "62"]
[EventDate "1993.07.??"]
[EventType "swiss"]
[EventRounds "5"]
[EventCountry "USA"]
[SourceTitle "EXT 2005"]
[Source "ChessBase"]
[SourceDate "2004.11.15"]
[SourceVersion "1"]
[SourceVersionDate "2004.11.15"]
[SourceQuality "1"]

1. d4 Nf6 2. c4 e6 3. Nf3 Bb4+ 4. Bd2 c5 5. Bxb4 cxb4 6. e3 0-0 7. Bd3 d6 8. Nbd2 Qc7 9. Rc1 Nbd7 10. Qc2 b6 11. g4 g6 12. h4 Re8 13. h5 Nf8 14. Ng5 Bb7 15. hxg6 fxg6 16. Rh4 Qe7 17. Ke2 e5 18. dxe5 dxe5 19. c5 Rec8 20. Qb3+ Kg7 21. Rh3 e4 22. Bb5 Rxc5 23. Rxc5 bxc5 24. Bc4 Nxg4 25. Bg8 Nf6 26. Bc4 Rd8 27. f4 Qd7 28. Nf1 h6 29. Nf7 Qxh3 30. Nxd8 Bc8 31. Ba6 Bxa6+ 0-1

[Event "Massachusetts op 58th"]
[Site "Worcester"]
[Date "1989.05.29"]
[Round "5"]
[White "Hertan, Charles E"]
[Black "Shirazi, Kamran"]
[Result "0-1"]
[WhiteElo "2462"]
[BlackElo "2530"]
[PlyCount "90"]
[EventDate "1989.05.??"]
[EventType "swiss"]
[EventRounds "6"]
[EventCountry "USA"]
[SourceTitle "EXT 2005"]
[Source "ChessBase"]
[SourceDate "2004.11.15"]
[SourceVersion "1"]
[SourceVersionDate "2004.11.15"]
[SourceQuality "1"]

1. d4 Nf6 2. c4 c5 3. d5 b5 4. cxb5 a6 5. f3 g6 6. e4 Bg7 7. Nc3 0-0 8. bxa6 d6 9. Bc4 Nfd7 10. Nge2 Ne5 11. Bb5 Nxa6 12. f4 Nd7 13. 0-0 Nc7 14. Bd3 e6 15. dxe6 fxe6 16. Ng3 Rb8 17. Rb1 d5 18. e5 Ba6 19. Bxa6 Nxa6 20. Qg4 Qe7 21. Bd2 Rb4 22. Nxd5 exd5 23. Bxb4 Nxb4 24. h4 Rb8 25. h5 Nf8 26. Rbe1 Nd3 27. Re2 Rb4 28. a3 Rb3 29. Kh2 c4 30. Rf3 Rb6 31. h6 Bh8 32. b4 Ra6 33. Nf5 Qe6 34. Ne3 Qxg4 35. Nxg4 Ne6 36. g3 Nd4 37. Rxd3 cxd3 38. Re3 Rxa3 39. Nf2 Ra2 40. Rxd3 Rxf2+ 41. Kh3 Ne6 42. Rxd5 Rxf4 43. b5 Rd4 44. Rd6 Ng5+ 45. Kg2 Bxe5 0-1

[Event "Billerica op 2nd"]
[Site "Billerica"]
[Date "1988.05.01"]
[Round "3"]
[White "Hertan, Charles E"]
[Black "Ivanov, Alexander"]
[Result "0-1"]
[WhiteElo "2443"]
[BlackElo "2420"]
[PlyCount "94"]
[EventDate "1988.04.??"]
[EventType "swiss"]
[EventRounds "4"]
[EventCountry "USA"]
[SourceTitle "EXT 2005"]
[Source "ChessBase"]
[SourceDate "2004.11.15"]
[SourceVersion "1"]
[SourceVersionDate "2004.11.15"]
[SourceQuality "1"]

1. d4 g6 2. e4 Bg7 3. c4 d6 4. Nc3 c5 5. d5 e6 6. Bf4 e5 7. Be3 f5 8. exf5 gxf5 9. Bd3 Nf6 10. Qa4+ Bd7 11. Qc2 Qc8 12. Be2 0-0 13. f4 Na6 14. a3 Qe8 15. Qd2 Ng4 16. Nf3 e4 17. Ng5 Nxe3 18. Qxe3 h6 19. Nh3 Nc7 20. Nf2 b5 21. cxb5 Nxb5 22. 0-0 Rb8 23. Kh1 Nd4 24. Rab1 Nxe2 25. Qxe2 Bb5 26. Nxb5 Qxb5 27. Qd2 Bd4 28. Qd1 Qb3 29. Qe2 a5 30. Nd1 Qxd5 31. Ne3 Qe6 32. b3 Kh7 33. Nc4 a4 34. bxa4 d5 35. Nd2 c4 36. Rb5 Rxb5 37. axb5 c3 38. Nb3 Bg7 39. Rd1 Rd8 40. Nd4 Bxd4 41. Rxd4 Rc8 42. Qc2 e3 43. Rd1 Qe4 44. Qe2 c2 45. Rc1 d4 46. b6 d3 47. Qh5 Rg8 0-1

[Event "West Suburban Winter GP"]
[Site "USA"]
[Date "1988.01.31"]
[Round "?"]
[White "Bartley, Daniel"]
[Black "Hertan, Charles E"]
[Result "1/2-1/2"]
[WhiteElo "2123"]
[BlackElo "2431"]
[PlyCount "74"]
[EventDate "1988.??.??"]
[EventType "swiss"]
[EventRounds "5"]
[EventCountry "USA"]
[SourceTitle "EXT 2005"]
[Source "ChessBase"]
[SourceDate "2004.11.15"]
[SourceVersion "1"]
[SourceVersionDate "2004.11.15"]
[SourceQuality "1"]

1. e4 c5 2. Nf3 e6 3. d4 cxd4 4. Nxd4 Nf6 5. Bd3 d6 6. 0-0 Be7 7. c4 0-0 8. Nc3 a6 9. Be3 Qc7 10. f4 Nbd7 11. Rc1 b6 12. Qf3 Re8 13. g4 h6 14. Bb1 Nh7 15. g5 hxg5 16. e5 Bb7 17. Bxh7+ Kxh7 18. Qh5+ Kg8 19. Nd5 Qd8 20. Nxe6 fxe6 21. fxg5 Nxe5 22. g6 Nxg6 23. Qxg6 Bxd5 24. Rf7 Bf6 25. cxd5 Rf8 26. Rcc7 Rxf7 27. Qxf7+ Kh8 28. dxe6 Qe8 29. Bf4 Qb5 30. Be3 Qe2 31. Bxb6 Rb8 32. e7 Qd1+ 33. Kg2 Qg4+ 34. Kf1 Qf3+ 35. Bf2 Qh1+ 36. Bg1 Qf3+ 37. Bf2 Qh1+ 1/2-1/2

[Event "Newton op 11th"]
[Site "Watertown"]
[Date "1988.01.09"]
[Round "2"]
[White "Warnock, Brian"]
[Black "Hertan, Charles E"]
[Result "0-1"]
[WhiteElo "2340"]
[BlackElo "2431"]
[PlyCount "104"]
[EventDate "1988.01.??"]
[EventType "swiss"]
[EventRounds "4"]
[EventCountry "USA"]
[SourceTitle "EXT 2005"]
[Source "ChessBase"]
[SourceDate "2004.11.15"]
[SourceVersion "1"]
[SourceVersionDate "2004.11.15"]
[SourceQuality "1"]

1. c4 c5 2. Nc3 Nf6 3. g3 d5 4. cxd5 Nxd5 5. Bg2 Nc7 6. Nf3 Nc6 7. 0-0 g6 8. d3 Bg7 9. Bd2 0-0 10. Rc1 b6 11. a3 Bb7 12. Qa4 Rb8 13. Qh4 e5 14. Bg5 f6 15. Bh6 Bxh6 16. Qxh6 Qe7 17. Nh4 Nd4 18. Bxb7 Rxb7 19. Rcd1 Nce6 20. Qd2 Rd7 21. e3 Nc6 22. Ng2 Rfd8 23. Qc2 Kg7 24. Ne2 Rd6 25. f4 Qd7 26. Qc4 Na5 27. Qa2 e4 28. f5 exd3 29. fxe6 dxe2 30. exd7 exd1Q 31. Rxd1 Rxd1+ 32. Kf2 c4 33. a4 R8xd7 34. Qa3 R1d3 35. Qb4 Rb3 36. Qe1 Rxb2+ 37. Kf3 Rdd2 38. Nf4 f5 39. g4 fxg4+ 40. Kxg4 h5+ 41. Nxh5+ gxh5+ 42. Kf5 Rf2+ 43. Ke6 Rf6+ 44. Ke7 Nc6+ 45. Ke8 Rbf2 46. Qg1+ Kh7 47. Qg5 R2f5 48. Qg3 Re5+ 49. Kd7 Rfe6 50. e4 Nb8+ 51. Kc8 Re8+ 52. Kc7 R5e7+ 0-1

[Event "Pugi Memorial"]
[Site "Toronto"]
[Date "1985.??.??"]
[Round "11"]
[White "Hartman, Brian"]
[Black "Hertan, Charles E"]
[Result "1-0"]
[WhiteElo "2350"]
[BlackElo "2350"]
[PlyCount "55"]
[EventDate "1985.??.??"]
[EventType "tourn"]
[EventRounds "11"]
[EventCountry "CAN"]
[SourceTitle "EXT 1999"]
[Source "ChessBase"]
[SourceDate "1998.11.16"]
[SourceVersion "1"]
[SourceVersionDate "1998.11.16"]
[SourceQuality "1"]

1. e4 c5 2. Nf3 e6 3. d4 cxd4 4. Nxd4 Nf6 5. Nc3 d6 6. Be2 Be7 7. 0-0 Nc6 8. Be3 Bd7 9. f4 Nxd4 10. Bxd4 Bc6 11. Qd3 0-0 12. Qg3 g6 13. f5 e5 14. Be3 Nxe4 15. Nxe4 Bxe4 16. Bh6 Qb6+ 17. Kh1 Qxb2 18. Bd3 Bxd3 19. cxd3 Qd4 20. Rab1 b6 21. f6 Bd8 22. Qh3 Re8 23. Qd7 Bc7 24. Qxc7 Red8 25. Qc4 Qxc4 26. dxc4 Rac8 27. Rbc1 Rc5 28. Rfd1 1-0

[Event "Pugi Memorial"]
[Site "Toronto"]
[Date "1985.??.??"]
[Round "4"]
[White "Hertan, Charles E"]
[Black "Day, Lawrence A"]
[Result "1/2-1/2"]
[WhiteElo "2350"]
[BlackElo "2400"]
[PlyCount "97"]
[EventDate "1985.??.??"]
[EventType "tourn"]
[EventRounds "11"]
[EventCountry "CAN"]
[SourceTitle "EXT 1999"]
[Source "ChessBase"]
[SourceDate "1998.11.16"]
[SourceVersion "1"]
[SourceVersionDate "1998.11.16"]
[SourceQuality "1"]

1. e4 g6 2. d4 Bg7 3. Nc3 c5 4. dxc5 Bxc3+ 5. bxc3 Qa5 6. Bd3 Qxc3+ 7. Bd2 Qxc5 8. Nf3 d6 9. 0-0 Nf6 10. Bh6 Ng4 11. Bg7 Rg8 12. Bd4 Qc7 13. h3 Ne5 14. c4 Nbc6 15. Be3 Nxf3+ 16. Qxf3 Bd7 17. Rfc1 Ne5 18. Qe2 Bc6 19. c5 Nxd3 20. Qxd3 dxc5 21. Rxc5 Qd7 22. Qc2 Qe6 23. e5 Rd8 24. Qc3 g5 25. Qc2 Rg6 26. Rc1 a6 27. a3 Rd5 28. Qc3 h6 29. f3 Rxc5 30. Qxc5 h5 31. Rd1 g4 32. Qa7 Qc8 33. hxg4 hxg4 34. f4 g3 35. Qd4 Qd7 36. f5 Rg8 37. f6 Qxd4 38. Bxd4 exf6 39. exf6 Kd7 40. Re1 Bd5 41. Re3 Kd6 42. Be5+ Kc5 43. Rxg3 Rxg3 44. Bxg3 Kc4 45. Bd6 b5 46. Kf2 a5 47. Ke2 Kb3 48. Kd2 Kb2 49. g4 1/2-1/2

[Event "Pugi Memorial"]
[Site "Toronto"]
[Date "1985.??.??"]
[Round "1"]
[White "Hertan, Charles E"]
[Black "Stone, Raymond"]
[Result "1-0"]
[WhiteElo "2350"]
[BlackElo "2270"]
[PlyCount "73"]
[EventDate "1985.??.??"]
[EventType "tourn"]
[EventRounds "11"]
[EventCountry "CAN"]
[SourceTitle "EXT 1999"]
[Source "ChessBase"]
[SourceDate "1998.11.16"]
[SourceVersion "1"]
[SourceVersionDate "1998.11.16"]
[SourceQuality "1"]

1. d4 Nf6 2. c4 g6 3. Nc3 d5 4. Nf3 Bg7 5. Qb3 dxc4 6. Qxc4 0-0 7. e4 Na6 8. Be2 c5 9. d5 e6 10. 0-0 exd5 11. exd5 Bf5 12. Bf4 Re8 13. Be5 Nxd5 14. Bxg7 Nb6 15. Qf4 Kxg7 16. Bxa6 bxa6 17. Rad1 Qf6 18. Rd6 Re6 19. Rxe6 Bxe6 20. Qc1 Bf5 21. Re1 Rd8 22. h4 h6 23. Qe3 c4 24. Qc5 Bg4 25. Nh2 Be6 26. Nf3 Bg4 27. Ne5 Bf5 28. Qc7 Re8 29. Re3 Qe7 30. Qc6 Rc8 31. Qf3 Qxh4 32. Qb7 Be6 33. Qxa7 Nd7 34. Nxd7 Qe7 35. Qd4+ f6 36. Nb6 Rd8 37. Rxe6 1-0

[Event "Pugi Memorial"]
[Site "Toronto"]
[Date "1985.??.??"]
[Round "6"]
[White "Hertan, Charles E"]
[Black "Wolff, Patrick G"]
[Result "0-1"]
[WhiteElo "2350"]
[BlackElo "2305"]
[PlyCount "82"]
[EventDate "1985.??.??"]
[EventType "tourn"]
[EventRounds "11"]
[EventCountry "CAN"]
[SourceTitle "EXT 1999"]
[Source "ChessBase"]
[SourceDate "1998.11.16"]
[SourceVersion "1"]
[SourceVersionDate "1998.11.16"]
[SourceQuality "1"]

1. d4 Nf6 2. Nf3 c5 3. d5 b5 4. Bg5 d6 5. Bxf6 exf6 6. a4 b4 7. e3 g6 8. Bb5+ Nd7 9. Nbd2 Bg7 10. Nc4 Qc7 11. Nfd2 f5 12. e4 0-0 13. exf5 Bb7 14. fxg6 fxg6 15. 0-0 Bxd5 16. Ne3 Bf7 17. Ndc4 Rad8 18. Nd5 Bxd5 19. Qxd5+ Kh8 20. Rae1 Nf6 21. Qe6 d5 22. Ne5 Rd6 23. Qh3 Kg8 24. Bd3 Nh5 25. b3 Nf4 26. Qg4 Rdd8 27. Nf3 c4 28. bxc4 dxc4 29. Be4 Qd7 30. Qg5 Qxa4 31. Qc5 Rc8 32. Qd6 Qb5 33. g3 Rcd8 34. Qc7 Nd5 35. Qxa7 Nc3 36. Ng5 Qxg5 37. Bg2 Rf7 38. Qa6 Qc5 39. Re3 Bd4 40. Re6 Rxf2 41. Rxg6+ Kh8 0-1